NHL Starting Line ups 2017 - Statistics

General Stats
  • This quiz has been taken 317 times
  • The average score is 55 of 180
Answer Stats
Team Position Player % Correct
Anaheim Ducks Center Getzlaf
83%
Anaheim Ducks Right Wing Perry
80%
Boston Bruins Center Bergeron
76%
Boston Bruins Left Wing Marchand
76%
Boston Bruins Goalie Rask
72%
Carolina Hurricanes Center Rask
72%
Boston Bruins Defense Chara
70%
Anaheim Ducks Goalie Gibson
67%
Chicago Blackhawks Center Toews
67%
Pittsburgh Penguins Center Crosby
64%
Edmonton Oilers Center Mcdavid
62%
Washington Capitals Left Wing Ovechkin
62%
Montreal Canadiens Goalie Price
62%
Arizona Coyotes Goalie Smith
62%
Nashville Predators Defense Subban
56%
New York Islanders Center Tavares
56%
Ottawa Senators Goalie Anderson
55%
Toronto Maple Leafs Goalie Anderson
55%
Ottawa Senators Defense Karlsson
55%
San Jose Sharks Left Wing Karlsson
55%
Los Angeles Kings Center Kopitar
55%
Tampa Bay Lightning Center Stamkos
55%
Chicago Blackhawks Goalie Crawford
54%
Los Angeles Kings Goalie Budaj
53%
Los Angeles Kings Defense ` Doughty
53%
Arizona Coyotes Defense Ekman Larsson
53%
Philadelphia Flyers Center Giroux
53%
Chicago Blackhawks Defense Keith
53%
Colorado Avalanche Center Mackinnon
53%
Nashville Predators Goalie Rinne
53%
Dallas Stars Center Seguin
53%
San Jose Sharks Defense Burns
52%
Anaheim Ducks Defense Fowler
52%
Washington Capitals Goalie Holtby
52%
Columbus Blue Jackets Defense Jones
52%
San Jose Sharks Goalie Jones
52%
Pittsburgh Penguins Defense Letang
52%
Washington Capitals Center Backstrom
50%
New Jersey Devils Left Wing Hall
50%
New York Rangers Goalie Lundqvist
49%
Columbus Blue Jackets Goalie Bobrovsky
48%
Tampa Bay Lightning Defense Hedman
48%
Pittsburgh Penguins Goalie Murray
48%
Minnesota Wild Center Staal
48%
Nashville Predators Defense Josi
47%
Tampa Bay Lightning Right Wing Kucherov
47%
Vancouver Canucks Center Sedin
47%
Vancouver Canucks Left Wing Sedin
47%
Montreal Canadiens Left Wing Pacioretty
46%
Winnipeg Jets Right Wing Wheeler
46%
Nashville Predators Left Wing Forsberg
45%
Tampa Bay Lightning Goalie Bishop
44%
Calgary Flames Goalie Johnson
43%
Florida Panthers Goalie Luongo
43%
Vancouver Canucks Goalie Miller
43%
San Jose Sharks Right Wing Pavelski
43%
Detroit Red Wings Center Zetterberg
43%
Minnesota Wild Goalie Dubnyk
42%
Minnesota Wild Left WIng Parise
42%
Minnesota Wild Defense Suter
42%
San Jose Sharks Center Thornton
42%
Calgary Flames Defense Giordano
41%
Carolina Hurricanes Goalie Ward
40%
Washington Capitals Right Wing Oshie
38%
Edmonton Oilers Right Wing Draisaitl
37%
Nashville Predators Center Johansen
37%
Toronto Maple Leafs Right Wing Marner
37%
Carolina Hurricanes Left Wing Skinner
37%
Edmonton Oilers Goalie Talbot
37%
Colorado Avalanche Goalie Varlamov
37%
Columbus Blue Jackets Right Wing Foligno
36%
Winnipeg Jets Defense Byfuglien
35%
St Louis Blues Defense Pietrangelo
35%
St Louis Blues Goalie Allen
34%
Toronto Maple Leafs Defense Rielly
34%
Anaheim Ducks Left Wing Rakell
33%
Dallas Stars Defense Klingberg
32%
Colorado Avalanche Left Wing Rantanen
32%
Detroit Red Wings Defense Green
31%
Buffalo Sabres Goalie Lehner
31%
New York Rangers Defense Mcdonagh
31%
Buffalo Sabres Right Wing Okposo
31%
Montreal Canadiens Right Wing Radulov
31%
Buffalo Sabres Defense Ristolainen
31%
New Jersey Devils Goalie Schneider
31%
Florida Panthers Right Wing Jagr
30%
New York Islanders Left Wing Lee
30%
Ottawa Senators Right Wing Stone
30%
Montreal Canadiens Center Galchenyuk
29%
Calgary Flames Defense Hamilton
29%
Carolina Hurricanes Defense Faulk
28%
Winnipeg Jets Goalie Hellebuyck
28%
Philadelphia Flyers Right Wing Simmonds
28%
Colorado Avalanche Defense Barrie
27%
Columbus Blue Jackets Defense Werenski
27%
Tampa Bay Lightning Left Wing Palat
26%
Columbus Blue Jackets Left Wing Saad
26%
Washington Capitals Defense Orlov
25%
San Jose Sharks Defense Martin
24%
Detroit Red Wings Goalie Mrazek
24%
Toronto Maple Leafs Left Wing Van Riemsdyk
24%
Anaheim Ducks Defense Vatanen
24%
Winnipeg Jets Left Wing Ehlers
23%
New York Rangers Left WIng Kreider
23%
Dallas Stars Goalie Niemi
23%
Pittsburgh Penguins Right Wing Rust
23%
Carolina Hurricanes Right Wing Ryan
23%
Arizona Coyotes Defense Schenn
23%
New York Rangers Center Stepan
23%
New York Rangers Right Wing Zuccarello
23%
Toronto Maple Leafs Center Bozak
22%
Edmonton Oilers Defense Klefbom
22%
Philadelphia Flyers Goalie Mason
22%
Florida Panthers Defense Yandle
22%
Toronto Maple Leafs Defense Gardiner
21%
New York Islanders Goalie Greiss
21%
Ottawa Senators Left Wing Hoffman
21%
Edmonton Oilers Defense Larsson
21%
Minnesota Wild Defense Spurgeon
21%
Nashville Predators Right Wing Neal
20%
New Jersey Devils Center Henrique
19%
St Louis Blues Right Wing Steen
19%
Calgary Flames Left Wing Tkachuk
19%
Vancouver Canucks Right Wing Eriksson
16%
New York Islanders Defense Leddy
16%
Calgary Flames Center Backlund
15%
Minnesota Wild Right Wing Coyle
15%
Vancouver Canucks Defense Edler
15%
Los Angeles Kings Left Wing Gaborik
15%
Arizona Coyotes Center Hanzal
15%
Chicago Blackhawks Defense Hjalmarsson
15%
Washington Capitals Defense Niskanen
15%
Pittsburgh Penguins Left Wing Sheary
15%
New York Islanders Right Wing Bailey
14%
Ottawa Senators Center Brassard
14%
Detroit Red Wings Right Wing Mantha
14%
Boston Bruins Defense Carlo
13%
New York Rangers Defense Girardi
13%
St Louis Blues Defense Parayko
13%
Tampa Bay Lightning Defense Stralman
13%
Florida Panthers Center Trocheck
13%
St Louis Blues Center Stastny
12%
Montreal Canadiens Defense Webber
12%
Edmonton Oilers Left Wing Maroon
11%
St Louis Blues Left Wing Schwartz
11%
Vancouver Canucks Defense Tanev
11%
Winnipeg Jets Defense Enstrom
10%
Ottawa Senators Defense Methot
10%
Detroit Red Wings Left Wing Nyquist
10%
New York Islanders Defense Seidenberg
10%
Arizona Coyotes Right Wing Duclair
9%
Montreal Canadiens Defense Emelin
9%
Pittsburgh Penguins Defense Maatta
9%
Winnipeg Jets Center Schiefele
9%
Detroit Red Wings Defense DeKeyser
8%
Philadelphia Flyers Defense Gudas
8%
Carolina Hurricanes Defense Hainsey
8%
Chicago Blackhawks Right Wing Panik
8%
Columbus Blue Jackets Center Wennberg
8%
Philadelphia Flyers Defense Streit
7%
Buffalo Sabres Left Wing Ennis
5%
Calgary Flames Right Wing Frolik
5%
Dallas Stars Defense Lindell
5%
Buffalo Sabres Defense Mccabe
5%
Dallas Stars Right Wing Eaves
4%
New Jersey Devils Defense Lovejoy
4%
Boston Bruins Right Wing Pastarnak
4%
Arizona Coyotes Left Wing Rieder
4%
Los Angeles Kings Defense Forbort
3%
Chicago Blackhawks Left Wing Hartman
3%
Dallas Stars Left Wing Roussel
3%
Philadelphia Flyers Left Wing Raffl
2%
Colorado Avalanche Defense Tyutin
2%
Los Angeles Kings Right Wing Lewis
1%
New Jersey Devils Defense Merrill
1%
Buffalo Sabres Center Oreilley
1%
New Jersey Devils Right Wing Parenteau
1%
Colorado Avalanche Right Wing Bourque
0%
Florida Panthers Left Wing Mccann
0%
Florida Panthers Defense Pysyk
0%
No matching quizzes found
Score Distribution
Percent of People with Each Score
Percentile by Number Answered
Your Score History
You have not taken this quiz